[Event "GRE-chT 48th"]
[Site "Athens"]
[Date "2021.09.08"]
[Round "3.6"]
[White "Stavropoulos, Konstantinos"]
[Black "Kourkoulos Arditis, Stamatis"]
[Result "0-1"]
[WhiteElo "2101"]
[BlackElo "2500"]
[PlyCount "120"]
[EventDate "2021.09.07"]
[EventType "team-swiss"]
[EventRounds "7"]
[EventCountry "GRE"]
[SourceTitle "CBM 204 Extra"]
[Source "ChessBase"]
[SourceDate "2021.11.30"]
[SourceVersion "1"]
[SourceVersionDate "2021.11.30"]
[SourceQuality "1"]
[WhiteTeam "Keefysyas"]
[BlackTeam "Kallytheas"]
[WhiteTeamCountry "GRE"]
[BlackTeamCountry "GRE"]

1. d4 g6 2. c4 Bg7 3. Nc3 c5 4. Nf3 cxd4 5. Nxd4 Nc6 6. Nb3 Nf6 7. e4 0-0 8. Be2 d6 9. Be3 Be6 10. f3 Na5 11. Nxa5 Qxa5 12. Qa4 Qxa4 13. Nxa4 Rfc8 14. Rc1 Nd7 15. b3 b6 16. Kf2 Nc5 17. Nxc5 bxc5 18. Bd2 a5 19. Bc3 a4 20. Bxg7 Kxg7 21. Rc2 axb3 22. axb3 Rcb8 23. Rb2 f5 24. Ke3 fxe4 25. fxe4 Kf6 26. Kd2 Ke5 27. Kc3 g5 28. Rf1 Rf8 29. Rxf8 Rxf8 30. Bd3 Ra8 31. Bb1 Ra1 32. Kd3 h5 33. Ke3 Bf7 34. Bd3 Bg6 35. g3 Bxe4 36. Re2 Bxd3 37. Kxd3+ Kf6 38. Rf2+ Kg6 39. Re2 Kf6 40. Rf2+ Ke6 41. Re2+ Kd7 42. Rf2 Rh1 43. Rf5 Rxh2 44. Rxg5 Ke6 45. Ke4 Kf6 46. Rg8 Re2+ 47. Kf4 Rf2+ 48. Ke4 Rc2 49. Rf8+ Ke6 50. Rb8 Rc3 51. Kf4 Kf6 52. Rf8+ Kg6 53. Rg8+ Kf7 54. Rb8 e5+ 55. Kg5 Rxg3+ 56. Kxh5 Ke6 57. Kh4 Rg1 58. b4 cxb4 59. Rxb4 Kd7 60. Rb6 Rc1 0-1

[Event "Plomari op 1st"]
[Site "Plomari"]
[Date "2019.07.19"]
[Round "2"]
[White "Stavropoulos, Konstantinos"]
[Black "Stounos, Nikolaos"]
[Result "1-0"]
[WhiteElo "2020"]
[BlackElo "1312"]
[PlyCount "57"]
[EventDate "2019.07.18"]
[EventType "swiss"]
[EventRounds "9"]
[EventCountry "GRE"]
[SourceTitle "EXT 2020"]
[Source "ChessBase"]
[SourceDate "2019.10.17"]
[SourceVersion "1"]
[SourceVersionDate "2019.10.17"]
[SourceQuality "1"]

1. d4 d5 2. c4 e6 3. Nf3 Nf6 4. g3 Bb4+ 5. Nc3 dxc4 6. Bg2 c6 7. 0-0 b5 8. Ne5 Qb6 9. Qc2 Bb7 10. Rd1 0-0 11. a4 a6 12. e4 c5 13. d5 Bxc3 14. Qxc3 exd5 15. exd5 Rd8 16. Bg5 h6 17. a5 Qd6 18. Bf4 Qf8 19. Rd2 Nbd7 20. Nc6 Rdc8 21. Re1 Re8 22. Rde2 Kh8 23. Ne7 Rxe7 24. Rxe7 Bxd5 25. Qd2 Bxg2 26. Kxg2 Qc8 27. Rxf7 Qc6+ 28. f3 Kg8 29. Ree7 1-0

[Event "EU-ch Amateur U2300"]
[Site "Rhodes"]
[Date "2019.04.08"]
[Round "3"]
[White "Shukan, Alexander"]
[Black "Stavropoulos, Konstantinos"]
[Result "0-1"]
[WhiteElo "2088"]
[BlackElo "2001"]
[PlyCount "78"]
[EventDate "2019.04.06"]
[EventType "tourn"]
[EventRounds "9"]
[EventCountry "GRE"]
[SourceTitle "CBM 189 Extra"]
[Source "ChessBase"]
[SourceDate "2019.05.31"]
[SourceVersion "1"]
[SourceVersionDate "2019.05.31"]
[SourceQuality "1"]

1. e4 c5 2. Nc3 Nc6 3. g3 g6 4. d3 Bg7 5. Be3 d6 6. Qd2 b6 7. Bg2 Bb7 8. Nge2 Qd7 9. h3 f5 10. exf5 gxf5 11. Nf4 Nf6 12. 0-0-0 e6 13. g4 e5 14. g5 Ng8 15. Nh5 f4 16. Bxf4 exf4 17. h4 Be5 18. Rde1 Qf7 19. g6 Qxg6 20. Nxf4 Qh6 21. Ne6 Qxe6 22. d4 cxd4 23. Nb5 Qxa2 24. Qg5 Qa1+ 25. Kd2 Qa5+ 26. Kd1 Qxb5 27. f4 Nge7 28. Qh5+ Ng6 29. Qg5 Nxf4 30. Rhf1 d3 31. Rxf4 dxc2+ 32. Kxc2 Qxb2+ 33. Kd1 Qb1+ 34. Kd2 Qg6 35. Bxc6+ Bxc6 36. Rxe5+ dxe5 37. Qxe5+ Kd7 38. Qd4+ Kc7 39. Qe5+ Qd6+ 0-1

[Event "GRE-ch U18"]
[Site "Achaia"]
[Date "2017.07.02"]
[Round "7"]
[White "Salifoglou, Ioannis"]
[Black "Stavropoulos, Konstantinos"]
[Result "0-1"]
[WhiteElo "1612"]
[BlackElo "2000"]
[PlyCount "66"]
[EventDate "2017.06.26"]
[EventType "swiss"]
[EventRounds "7"]
[EventCountry "GRE"]
[SourceTitle "CBM 179 Extra"]
[Source "ChessBase"]
[SourceDate "2017.08.23"]
[SourceVersion "1"]
[SourceVersionDate "2017.08.23"]
[SourceQuality "1"]

1. e4 c5 2. Nf3 e6 3. b3 Nc6 4. Bb2 Nf6 5. e5 Nd5 6. c4 Nc7 7. Be2 d6 8. exd6 Bxd6 9. 0-0 0-0 10. d4 cxd4 11. Nxd4 Be5 12. Nxc6 Qxd1 13. Ne7+ Kh8 14. Rxd1 Bxb2 15. Nd2 Bxa1 16. Nxc8 Be5 17. Nf3 Bf4 18. Nd6 Bxd6 19. Rxd6 Rad8 20. c5 Rxd6 21. cxd6 Ne8 22. d7 Nf6 23. Ne5 Kg8 24. Bf3 Rd8 25. Bxb7 Nxd7 26. Nc6 Re8 27. Nxa7 Ne5 28. Nc8 Nd3 29. b4 Nxb4 30. a3 Nc6 31. Kf1 Ne7 32. Nd6 Rb8 33. a4 Nf5 0-1

[Event "GRE-ch U18"]
[Site "Achaia"]
[Date "2017.06.30"]
[Round "5"]
[White "Alexiadis, Hristos"]
[Black "Stavropoulos, Konstantinos"]
[Result "1-0"]
[WhiteElo "2264"]
[BlackElo "2000"]
[PlyCount "69"]
[EventDate "2017.06.26"]
[EventType "swiss"]
[EventRounds "7"]
[EventCountry "GRE"]
[SourceTitle "CBM 179 Extra"]
[Source "ChessBase"]
[SourceDate "2017.08.23"]
[SourceVersion "1"]
[SourceVersionDate "2017.08.23"]
[SourceQuality "1"]

1. e4 c5 2. a3 g6 3. b4 Bg7 4. Nc3 d6 5. g3 a6 6. Bg2 Nc6 7. Rb1 e6 8. Nge2 Nge7 9. bxc5 dxc5 10. Na4 Qd6 11. Nb6 Rb8 12. 0-0 e5 13. Nc3 0-0 14. d3 Be6 15. Ncd5 Nc8 16. Be3 Bxd5 17. Nxd5 N6e7 18. c4 Nxd5 19. cxd5 Nb6 20. a4 Nd7 21. a5 f5 22. f3 Rfc8 23. Qa4 Rc7 24. Rfc1 Kf7 25. Bh3 b5 26. axb6 Rxb6 27. Rxb6 Qxb6 28. exf5 g5 29. Qc4 Qb5 30. Bxg5 Nb6 31. Qe4 h6 32. Be3 Qb2 33. f6 Kxf6 34. Qf5+ Ke7 35. d6+ 1-0

[Event "GRE-chT 44th"]
[Site "Achaia"]
[Date "2016.07.06"]
[Round "3.5"]
[White "Stavropoulos, Konstantinos"]
[Black "Papakonstantinou, Dimitrios"]
[Result "1/2-1/2"]
[WhiteElo "2007"]
[BlackElo "2184"]
[PlyCount "86"]
[EventDate "2016.07.05"]
[EventType "team-swiss"]
[EventRounds "7"]
[EventCountry "GRE"]
[SourceTitle "CBM 173 Extra"]
[Source "ChessBase"]
[SourceDate "2016.08.29"]
[SourceVersion "1"]
[SourceVersionDate "2016.08.29"]
[SourceQuality "1"]
[WhiteTeam "Kifisias AO"]
[BlackTeam "Oreokastrou Marion"]
[WhiteTeamCountry "GRE"]
[BlackTeamCountry "GRE"]

1. d4 Nf6 2. c4 g6 3. Nc3 Bg7 4. Nf3 0-0 5. Bf4 d6 6. h3 c6 7. e3 a6 8. a3 b5 9. Rc1 Qb6 10. Nd2 Nbd7 11. b4 c5 12. dxc5 dxc5 13. cxb5 axb5 14. Nxb5 Nd5 15. Nc4 Qe6 16. Nc7 Nxc7 17. Bxc7 Bb7 18. Na5 Bd5 19. Bb5 Ra7 20. Bxd7 Qxd7 21. Rxc5 e6 22. Bg3 Bxg2 23. Rh2 Qxd1+ 24. Kxd1 Bf3+ 25. Kc2 Rd7 26. Nc6 Ra8 27. Ne5 Be4+ 28. Kc1 Bxe5 29. Bxe5 f6 30. Bxf6 Rxa3 31. Bd4 Rb3 32. b5 Kf7 33. h4 e5 34. Bb2 Rbd3 35. Bxe5 Rd1+ 36. Kb2 Rb1+ 37. Kc3 Rc1+ 38. Kb4 Rb1+ 39. Ka5 Ke6 40. f4 Rb3 41. Bd4 Ra7+ 42. Kb6 Rb7+ 43. Ka5 Ra7+ 1/2-1/2

[Event "GRE-ch U16"]
[Site "Porto Rio"]
[Date "2016.07.03"]
[Round "8"]
[White "Stavropoulos, Konstantinos"]
[Black "Alexiadis, Hristos"]
[Result "1/2-1/2"]
[WhiteElo "2009"]
[BlackElo "2291"]
[PlyCount "40"]
[EventDate "2016.06.28"]
[EventType "swiss"]
[EventRounds "9"]
[EventCountry "GRE"]
[SourceTitle "CBM 173 Extra"]
[Source "ChessBase"]
[SourceDate "2016.08.29"]
[SourceVersion "1"]
[SourceVersionDate "2016.08.29"]
[SourceQuality "1"]

1. d4 Nf6 2. c4 e6 3. g3 c5 4. Nf3 cxd4 5. Nxd4 d5 6. Nc2 Qa5+ 7. Nd2 h5 8. Bg2 h4 9. cxd5 hxg3 10. hxg3 Rxh1+ 11. Bxh1 exd5 12. a3 Qb6 13. Nf1 Nc6 14. b4 Be6 15. Be3 Qb5 16. Nd2 d4 17. Nxd4 Nxd4 18. Bxd4 Rd8 19. Bxf6 gxf6 20. Qc2 a5 1/2-1/2

[Event "Athens Erythraias op 1st"]
[Site "Athens"]
[Date "2014.12.09"]
[Round "6"]
[White "Stavropoulos, Konstantinos"]
[Black "Pantelidis, Ioannis"]
[Result "1/2-1/2"]
[WhiteElo "1924"]
[BlackElo "2092"]
[PlyCount "186"]
[EventDate "2014.11.04"]
[EventType "swiss"]
[EventRounds "7"]
[EventCountry "GRE"]
[SourceTitle "EXT 2024"]
[Source "ChessBase"]
[SourceDate "2023.10.10"]
[SourceVersion "1"]
[SourceVersionDate "2023.10.10"]
[SourceQuality "1"]

1. e4 e5 2. Nf3 Nc6 3. Bc4 Nf6 4. d3 Be7 5. 0-0 d6 6. c3 0-0 7. Bb3 Na5 8. Bc2 c5 9. a3 Nc6 10. b4 a6 11. Re1 Qc7 12. Nbd2 h6 13. Nf1 Re8 14. h3 Bf8 15. Ng3 g6 16. Be3 cxb4 17. axb4 Be6 18. Qc1 Kh7 19. Qb2 d5 20. d4 dxe4 21. Nxe5 Bd6 22. Nxe4 Nxe4 23. Bxe4 Nxe5 24. dxe5 Bxe5 25. Bd4 Bxd4 26. cxd4 Rad8 27. Rad1 Bd5 28. Bc2 Qf4 29. Re5 Rxe5 30. dxe5 Qg5 31. g3 Bc6 32. Qb3 Rxd1+ 33. Bxd1 Kg7 34. Qc3 Kg8 35. Qd4 Qf5 36. Bg4 Qb1+ 37. Qd1 Qxb4 38. e6 fxe6 39. Qd8+ Qf8 40. Bxe6+ Kg7 41. Qc7+ Kh8 42. Bd5 Bxd5 43. Qe5+ Qg7 44. Qxd5 Qc7 45. Qe6 Kh7 46. h4 h5 47. Kh2 a5 48. Qa2 b5 49. f4 a4 50. f5 gxf5 51. Qe2 Qf7 52. Qxb5 a3 53. Qa5 a2 54. Kg1 f4 55. Qa4 fxg3 56. Qc2+ Kg8 57. Qc8+ Kg7 58. Qc3+ Kf8 59. Qc8+ Ke7 60. Qc7+ Kf6 61. Qc3+ Ke7 62. Qc7+ Kf8 63. Qc8+ Qe8 64. Qc5+ Kg7 65. Qc3+ Kf8 66. Qc5+ Qe7 67. Qc8+ Kf7 68. Qc4+ Qe6 69. Qc7+ Kf6 70. Qc3+ Kf5 71. Qf3+ Kg6 72. Qd3+ Kf6 73. Qc3+ Qe5 74. Qf3+ Ke6 75. Qc6+ Qd6 76. Qe4+ Kd7 77. Qa4+ Ke7 78. Qxa2 Qd4+ 79. Kg2 Qxh4 80. Qa3+ Ke6 81. Qe3+ Kf5 82. Qc5+ Kg6 83. Qd6+ Kh7 84. Qc7+ Kg6 85. Qxg3+ Qg4 86. Qxg4+ hxg4 87. Kg3 Kg5 88. Kg2 Kf4 89. Kf2 g3+ 90. Kg2 Kg4 91. Kg1 Kf3 92. Kf1 g2+ 93. Kg1 Kg3 1/2-1/2

[Event "Athens Erythraias op 1st"]
[Site "Athens"]
[Date "2014.12.02"]
[Round "5"]
[White "Stavropoulos, Konstantinos"]
[Black "Nikolaou, Georgios"]
[Result "0-1"]
[WhiteElo "1924"]
[BlackElo "2335"]
[PlyCount "154"]
[EventDate "2014.11.04"]
[EventType "swiss"]
[EventRounds "7"]
[EventCountry "GRE"]
[SourceTitle "EXT 2024"]
[Source "ChessBase"]
[SourceDate "2023.10.10"]
[SourceVersion "1"]
[SourceVersionDate "2023.10.10"]
[SourceQuality "1"]

1. e4 c5 2. Nf3 e6 3. d3 Nc6 4. g3 d5 5. Qe2 Be7 6. Bg2 Nf6 7. 0-0 b6 8. h4 Bb7 9. e5 Nd7 10. c4 dxc4 11. dxc4 Qc7 12. Re1 h6 13. h5 a6 14. Na3 Nb4 15. Bd2 0-0-0 16. Bc3 Nb8 17. Nc2 N8c6 18. a3 Nxc2 19. Qxc2 Rd7 20. Rab1 Rhd8 21. b4 Rd3 22. Re3 Qd7 23. b5 axb5 24. cxb5 Na7 25. a4 Rxe3 26. fxe3 Qd3 27. Qc1 Qe2 28. Ne1 Bg5 29. Bxb7+ Kxb7 30. Ng2 Rd3 31. Be1 Bxe3+ 32. Nxe3 Qxe3+ 33. Bf2 Qxc1+ 34. Rxc1 Rd5 35. Re1 Kc7 36. Re4 Kd7 37. Kg2 Ke7 38. Kf3 Rd3+ 39. Kf4 Ra3 40. Rc4 Ra2 41. Be3 Nc8 42. Kf3 Ra3 43. Ke4 Kd7 44. g4 Ne7 45. Bd2 Nd5 46. a5 Rg3 47. g5 Rg4+ 48. Kd3 Rg3+ 49. Ke4 bxa5 50. gxh6 gxh6 51. Rxc5 Rh3 52. Bxa5 Rh4+ 53. Kd3 Rxh5 54. Kd4 Rh4+ 55. Kd3 Rh3+ 56. Kc2 Rh2+ 57. Kb3 Rh3+ 58. Kc2 Rg3 59. Kb2 h5 60. Rc4 Rg4 61. Rc2 Ra4 62. Bd2 Re4 63. Ba5 Rxe5 64. b6 Nxb6 65. Rd2+ Kc6 66. Rc2+ Rc5 67. Rxc5+ Kxc5 68. Be1 Kd5 69. Kc3 Ke4 70. Bf2 Nd5+ 71. Kd2 Kf3 72. Bh4 e5 73. Ke1 e4 74. Kf1 e3 75. Bf2 e2+ 76. Ke1 Nf4 77. Be3 Ng2+ 0-1

[Event "GRE-ch U14"]
[Site "Greece"]
[Date "2014.07.09"]
[Round "8"]
[White "Stavropoulos, Konstantinos"]
[Black "Apostolakakis, Konstantinos"]
[Result "1/2-1/2"]
[WhiteElo "1826"]
[BlackElo "1857"]
[PlyCount "47"]
[EventDate "2014.07.04"]
[EventType "swiss"]
[EventRounds "9"]
[EventCountry "GRE"]
[SourceTitle "EXT 2017"]
[Source "ChessBase"]
[SourceDate "2016.10.25"]
[SourceVersion "1"]
[SourceVersionDate "2016.10.25"]
[SourceQuality "1"]

1. e4 c5 2. Nf3 d6 3. Bb5+ Nd7 4. 0-0 a6 5. Bd3 Ngf6 6. c3 e6 7. Bc2 Be7 8. d4 0-0 9. Qe2 b5 10. a3 Bb7 11. Rd1 Qc7 12. Bd3 c4 13. Bc2 e5 14. d5 Nc5 15. Ng5 h6 16. Nf3 Bc8 17. Nbd2 Re8 18. Nf1 Bf8 19. Ng3 g6 20. h3 Bg7 21. Nh2 Kh7 22. Be3 Nfd7 23. Qd2 Qd8 24. Ng4 1/2-1/2

[Event "GRE-ch U14"]
[Site "Greece"]
[Date "2014.07.08"]
[Round "7"]
[White "Alexiadis, Hristos"]
[Black "Stavropoulos, Konstantinos"]
[Result "1/2-1/2"]
[WhiteElo "2011"]
[BlackElo "1826"]
[PlyCount "81"]
[EventDate "2014.07.04"]
[EventType "swiss"]
[EventRounds "9"]
[EventCountry "GRE"]
[SourceTitle "EXT 2017"]
[Source "ChessBase"]
[SourceDate "2016.10.25"]
[SourceVersion "1"]
[SourceVersionDate "2016.10.25"]
[SourceQuality "1"]

1. d4 Nf6 2. c4 e6 3. g3 d5 4. Bg2 Be7 5. Nf3 0-0 6. 0-0 dxc4 7. Ne5 Nd5 8. Nxc4 c5 9. e4 Nb6 10. Nxb6 Qxb6 11. d5 Rd8 12. Na3 exd5 13. exd5 Bf6 14. Qc2 Na6 15. Nc4 Qb5 16. a4 Qe8 17. Bd2 Qe2 18. Rae1 Qh5 19. Bc3 Bh3 20. Bxf6 gxf6 21. Bxh3 Qxh3 22. Ne3 Nb4 23. Qc4 b6 24. Rd1 Rd6 25. Qe4 Kf8 26. Nf5 Re8 27. Qf3 Rdd8 28. Rfe1 Rxe1+ 29. Rxe1 Rxd5 30. Ne7 Re5 31. Rxe5 fxe5 32. Nf5 Nc6 33. Nd6 Qd7 34. Qf6 Qe6 35. Qh8+ Ke7 36. Ne4 Qf5 37. Nc3 Qd3 38. Qa8 Qd7 39. Qg8 Qf5 40. Qa8 Qd7 41. Qg8 1/2-1/2

[Event "Petroupoli ASOP Dias Seniors op"]
[Site "Petroupoli"]
[Date "2012.11.03"]
[Round "1.9"]
[White "Stavropoulos, Konstantinos"]
[Black "Bardis, Harilaos Panagiotis"]
[Result "1-0"]
[WhiteElo "1576"]
[BlackElo "1322"]
[PlyCount "93"]
[EventDate "2012.11.03"]
[EventType "swiss"]
[EventRounds "7"]
[EventCountry "GRE"]
[SourceTitle "EXT 2024"]
[Source "ChessBase"]
[SourceDate "2023.10.10"]
[SourceVersion "1"]
[SourceVersionDate "2023.10.10"]
[SourceQuality "1"]

1. e4 e5 2. Nf3 Nc6 3. Bb5 a6 4. Ba4 Nf6 5. d3 Be7 6. Bxc6 dxc6 7. Nxe5 Bd6 8. Nf3 Bg4 9. 0-0 0-0 10. h3 Bh5 11. g4 Bg6 12. e5 Bxe5 13. Nxe5 Re8 14. Nf3 h5 15. g5 Nh7 16. Bf4 Qd7 17. Kh2 Bf5 18. Ng1 Qd4 19. Qc1 f6 20. gxf6 Qxf6 21. Nc3 g5 22. Bg3 Rac8 23. f4 h4 24. Be1 g4 25. hxg4 Bxg4 26. Ne4 Qg6 27. Nf3 h3 28. Ne5 Qf5 29. Nxg4 Qxg4 30. Rg1 Qxg1+ 31. Kxg1 Re7 32. Kh2 Rg7 33. Bg3 Rf8 34. Qd2 Nf6 35. Nxf6+ Rxf6 36. Qb4 Rfg6 37. Rg1 b6 38. f5 Rh6 39. Qe4 Kf8 40. Re1 Rxg3 41. Kxg3 h2 42. Qe8+ Kg7 43. Re7+ Kf6 44. Qf8+ Kg5 45. Rg7+ Kh5 46. Qf7+ Rg6+ 47. Qxg6# 1-0

[Event "GRE-ch U12"]
[Site "Rio Achaia"]
[Date "2012.06.25"]
[Round "3.8"]
[White "Stavropoulos, Konstantinos"]
[Black "Giannoulakis, Labros"]
[Result "0-1"]
[WhiteElo "1489"]
[BlackElo "1683"]
[PlyCount "68"]
[EventDate "2012.06.24"]
[EventType "swiss"]
[EventRounds "7"]
[EventCountry "GRE"]
[SourceTitle "EXT 2024"]
[Source "ChessBase"]
[SourceDate "2023.10.10"]
[SourceVersion "1"]
[SourceVersionDate "2023.10.10"]
[SourceQuality "1"]

1. e4 c5 2. Nf3 d6 3. d4 cxd4 4. Nxd4 Nf6 5. Nc3 a6 6. Be3 e5 7. Nb3 Be7 8. Be2 0-0 9. g4 Be6 10. g5 Nfd7 11. Qd2 Re8 12. h4 b5 13. Nd5 Bf8 14. h5 Nc6 15. Rg1 Kh8 16. Bg4 Ne7 17. Nc3 Bxg4 18. Rxg4 f5 19. exf5 Nxf5 20. 0-0-0 Nxe3 21. fxe3 Nb6 22. Na5 Qd7 23. Rg2 Nc4 24. Nxc4 bxc4 25. Qd5 Qh3 26. Re1 Rec8 27. h6 Rab8 28. hxg7+ Bxg7 29. Rd2 Qg3 30. Ree2 e4 31. Qxd6 Qxg5 32. Qxa6 Bxc3 33. bxc3 Qg1+ 34. Rd1 Qxd1+ 0-1